[Event "National interclub championship"]
[Site "Mons"]
[Date "1997.11.02"]
[Round "3"]
[White "Pelle, Guillaume"]
[Black "Docx, Stefan"]
[Result "0-1"]
[WhiteElo "2180"]
[BlackElo "2265"]
[Board "5"]
[WhiteTeam "L'Échiquier du Grand-Mons"]
[BlackTeam "K Antwerp SK"]
[BlackTitle "FM"]
[PlyCount "90"]
[EventDate "1997.10.05"]
[Source "BelgaBase"]

1. e4 c5 2. Nf3 d6 3. d4 cxd4 4. Nxd4 Nf6 5. Nc3 a6 6. Bc4 e6 7. Bb3 b5 8. O-O
Be7 9. Qf3 Qc7 10. Qg3 Nc6 11. Nxc6 Qxc6 12. Re1 Bb7 13. Qxg7 Rg8 14. Qh6 O-O-O
15. Qh3 Kb8 16. a3 h5 17. Qd3 Ng4 18. f3 Ne5 19. Qe2 Rg7 20. Kh1 h4 21. Bf4
Rdg8 22. Rg1 Ng6 23. Bh6 Rh7 24. Be3 Bf6 25. Rad1 Be5 26. Qd2 Ne7 27. h3 Qc7
28. Bf4 Nc6 29. Qe3 Rhg7 30. Bxe5 dxe5 31. Ne2 Ne7 32. c3 Ng6 33. Rc1 Nf4 34.
Nxf4 exf4 35. Qf2 Rg3 36. Bc2 e5 37. Kh2 Qd7 38. Bd3 Bc8 39. Bf1 R8g6 40. Qe2
Qc7 41. Rh1 Qb6 42. c4 Qd4 43. cxb5 Bxh3 44. Rg1 Bd7 45. Rd1 Rh3+ 0-1

[Event "National interclub championship"]
[Site "Brussels"]
[Date "1997.11.16"]
[Round "4"]
[White "Barsov, Alexei"]
[Black "Bolzoni, Victor-Angel"]
[Result "1-0"]
[WhiteElo "2445"]
[BlackElo "2250"]
[Board "1"]
[WhiteTeam "CC Anderlecht"]
[BlackTeam "CRÉ Brussels"]
[WhiteTitle "IM"]
[BlackTitle "FM"]
[PlyCount "47"]
[EventDate "1997.10.05"]
[Source "BelgaBase"]

1. d4 Nf6 2. Nf3 g6 3. Nc3 d5 4. Bf4 Bg7 5. e3 Nh5 6. Bg5 h6 7. Bh4 Nc6 8. Bb5
O-O 9. O-O Qd6 10. Bxc6 bxc6 11. Na4 Rb8 12. b3 g5 13. Ne5 Bxe5 14. dxe5 Qg6
15. Bg3 Nxg3 16. hxg3 Qe4 17. Qd4 Rb4 18. Qc5 Rb7 19. Qxe7 Qxc2 20. Rfc1 Qg6
21. Nc5 Rb8 22. Qxc7 Bf5 23. Qxa7 Qg7 24. Nd7 1-0

[Event "National interclub championship"]
[Site "Brussels"]
[Date "1997.11.16"]
[Round "4"]
[White "Van Houtte, Thierry"]
[Black "Mohandesi, Shahin"]
[Result "0-1"]
[WhiteElo "2235"]
[BlackElo "2315"]
[Board "2"]
[WhiteTeam "CRÉ Brussels"]
[BlackTeam "CC Anderlecht"]
[WhiteTitle ""]
[BlackTitle "FM"]
[PlyCount "100"]
[EventDate "1997.10.05"]
[Source "BelgaBase"]

1. e4 c5 2. c3 e6 3. d4 d5 4. e5 Ne7 5. Nf3 Nf5 6. h4 h5 7. Bd3 Nc6 8. Bxf5
exf5 9. O-O Be6 10. Re1 Be7 11. g3 Qb6 12. b3 cxd4 13. cxd4 Rc8 14. Ba3 f4 15.
Bxe7 Kxe7 16. Nc3 fxg3 17. fxg3 Nxd4 18. Qxd4 Rxc3 19. Qxb6 axb6 20. Kf2 Rhc8
21. Nd4 Rd3 22. Rad1 Rcc3 23. Rxd3 Rxd3 24. Ne2 g6 25. Nf4 Rd4 26. Kf3 Bf5 27.
Ke3 Re4+ 28. Kf2 Rxe1 29. Kxe1 Be4 30. Kd2 d4 31. Ne2 Ke6 32. Nxd4+ Kxe5 33.
Ke3 Bd5 34. Ne2 Be4 35. Nd4 f6 36. Nb5 g5 37. Na3 Bd5 38. Nc2 gxh4 39. gxh4 f5
40. Nb4 f4+ 41. Kf2 Be4 42. a3 Kf5 43. Na2 Kg4 44. Nc3 Bc6 45. Ne2 f3 46. Nd4
Bd5 47. b4 Kxh4 48. a4 Kg4 49. Nc2 Kf4 50. Ne3 Bc6 0-1

[Event "National interclub championship"]
[Site "Brussels"]
[Date "1997.11.16"]
[Round "4"]
[White "Tondivar, Babak"]
[Black "Kerkhof, Philippe"]
[Result "1/2-1/2"]
[WhiteElo "2315"]
[BlackElo "2240"]
[Board "3"]
[WhiteTeam "CC Anderlecht"]
[BlackTeam "CRÉ Brussels"]
[WhiteTitle "FM"]
[PlyCount "36"]
[EventDate "1997.10.05"]
[Source "BelgaBase"]

1. Nf3 g6 2. c4 Bg7 3. d4 c5 4. g3 Nf6 5. Bg2 O-O 6. O-O cxd4 7. Nxd4 Nc6 8.
Nc3 Ng4 9. e3 Nge5 10. b3 d6 11. Nde2 Bg4 12. h3 Bf3 13. Bxf3 Nxf3+ 14. Kg2
Nfe5 15. e4 a6 16. Be3 Rb8 17. a4 Nd7 18. Rb1 Nb4 1/2-1/2

[Event "National interclub championship"]
[Site "Brussels"]
[Date "1997.11.16"]
[Round "4"]
[White "Mičić, Snezana"]
[Black "Luminet, Denis"]
[Result "1/2-1/2"]
[WhiteElo "2210"]
[BlackElo "2285"]
[Board "5"]
[WhiteTeam "CC Anderlecht"]
[BlackTeam "CRÉ Brussels"]
[WhiteTitle "WFM"]
[PlyCount "87"]
[EventDate "1997.10.05"]
[Source "BelgaBase"]

1. e4 e6 2. d4 d5 3. Nd2 c5 4. exd5 exd5 5. Ngf3 Nc6 6. Bb5 Bd6 7. O-O Nge7 8.
dxc5 Bxc5 9. Nb3 Bd6 10. Re1 O-O 11. Bg5 Bg4 12. c3 Qc7 13. h3 Bh5 14. Be2 a6
15. a4 Rad8 16. a5 Bf4 17. Bxf4 Qxf4 18. Nfd4 Bxe2 19. Qxe2 Nxd4 20. Nxd4 Nf5
21. Nb3 g6 22. Qe5 Qc4 23. Ra3 Qb5 24. Qe2 Rfe8 25. Qxb5 Rxe1+ 26. Qf1 Rxf1+
27. Kxf1 Nd6 28. Nd2 Kg7 29. Ra4 Nb5 30. Nf3 h6 31. Ke2 Kf6 32. Kd3 Rc8 33. Rh4
h5 34. Rf4+ Ke7 35. g4 hxg4 36. hxg4 Rc5 37. Ne5 Nd6 38. b4 Rc8 39. Nf3 Ne4 40.
Ne5 Nd6 41. g5 Ke6 42. Rf6+ Ke7 43. Rf4 Ke6 44. Rf6+ 1/2-1/2

[Event "National interclub championship"]
[Site "Eupen"]
[Date "1997.11.16"]
[Round "4"]
[White "Van Beers, Eddy"]
[Black "Schneider, Bernd"]
[Result "0-1"]
[WhiteElo "2275"]
[BlackElo "2400"]
[Board "4"]
[WhiteTeam "OSK Tessenderlo"]
[BlackTeam "SK Rochade Eupen"]
[BlackTitle "IM"]
[PlyCount "92"]
[EventDate "1997.10.05"]
[Source "BelgaBase"]

1. d4 g6 2. c4 Bg7 3. e4 d6 4. Nc3 e5 5. dxe5 dxe5 6. Qxd8+ Kxd8 7. f4 Nc6 8.
Nf3 Nd4 9. Kf2 Nxf3 10. Kxf3 Be6 11. Be3 Nf6 12. g3 Re8 13. h3 Nd7 14. Rd1 c6
15. Na4 Kc7 16. b3 f5 17. exf5 Bxf5 18. g4 Be6 19. Nc5 Nxc5 20. Bxc5 Rad8 21.
Rxd8 Rxd8 22. fxe5 Bxe5 23. Ke2 Bf4 24. Be3 Bxc4+ 25. bxc4 Re8 26. Kf3 Bxe3 27.
h4 Bd4 28. Kf4 Be3+ 29. Kf3 Bc5 30. Kf4 Rf8+ 31. Ke5 Kd7 32. h5 Bd6+ 33. Kd4
Rf4+ 34. Kc3 gxh5 35. gxh5 Be5+ 36. Kb3 Rf3+ 37. Kc2 Rf2+ 38. Kb3 Rb2+ 39. Ka3
a5 40. Bd3 b5 41. cxb5 cxb5 42. Bxh7 Kc6 43. Rc1+ Kb6 44. Rc2 Rb4 45. Bg6 Bd6
46. Rb2 Rc4+ 0-1

[Event "National interclub championship"]
[Site "Eupen"]
[Date "1997.11.16"]
[Round "4"]
[White "Sziva, Erika"]
[Black "Meessen, Rudolf"]
[Result "0-1"]
[WhiteElo "2330"]
[BlackElo "2310"]
[Board "6"]
[WhiteTeam "OSK Tessenderlo"]
[BlackTeam "SK Rochade Eupen"]
[WhiteTitle "WIM"]
[PlyCount "108"]
[EventDate "1997.10.05"]
[Source "BelgaBase"]

1. e4 e6 2. d4 d5 3. Nc3 Bb4 4. e5 c5 5. a3 Bxc3+ 6. bxc3 Qc7 7. Qg4 Ne7 8. Bd3
cxd4 9. Ne2 dxc3 10. Qxg7 Rg8 11. Qxh7 Nbc6 12. Bf4 Bd7 13. O-O O-O-O 14. Bg3
Nxe5 15. Rfe1 Rde8 16. Qh4 f5 17. Qd4 N5c6 18. Bxc7 Nxd4 19. Nxd4 Kxc7 20.
Nxe6+ Kd6 21. Nf4 Nc6 22. Rxe8 Rxe8 23. Ne2 Ne5 24. Nxc3 Nxd3 25. cxd3 d4 26.
Na2 a5 27. Kf1 Bb5 28. Rd1 Rc8 29. Rd2 Kd5 30. h4 f4 31. Ke2 Rg8 32. Rb2 Bc6
33. Nc1 Rxg2 34. Nb3 a4 35. Na5 Rh2 36. Nxc6 bxc6 37. Rb4 Rxh4 38. Rxa4 Rh3 39.
Ra5+ c5 40. f3 Rh2+ 41. Ke1 Rh8 42. Ra7 Re8+ 43. Kd2 Re3 44. Rd7+ Kc6 45. Rf7
Rxf3 46. a4 Kb6 47. Rf5 Rf2+ 48. Ke1 Ra2 49. Rxf4 Ka5 50. Rf5 Kb4 51. Kd1 c4
52. Kc1 Kc3 53. Kb1 Rb2+ 54. Kc1 Re2 0-1

[Event "National interclub championship"]
[Site "Eupen"]
[Date "1997.11.16"]
[Round "4"]
[White "Coenen, Norbert"]
[Black "Van Herck, Marcel"]
[Result "1-0"]
[WhiteElo "2335"]
[BlackElo "2205"]
[Board "7"]
[WhiteTeam "SK Rochade Eupen"]
[BlackTeam "OSK Tessenderlo"]
[WhiteTitle "FM"]
[PlyCount "69"]
[EventDate "1997.10.05"]
[Source "BelgaBase"]

1. e4 c6 2. d4 d5 3. Nc3 g6 4. h3 Bg7 5. Nf3 dxe4 6. Nxe4 Bf5 7. Ng3 Nf6 8. Bc4
e6 9. Qe2 c5 10. Nxf5 gxf5 11. dxc5 Qa5+ 12. c3 Qxc5 13. Be3 Qe7 14. Nd4 a6 15.
Bg5 Nbd7 16. O-O Nc5 17. f3 b5 18. Bxb5+ axb5 19. Qxb5+ Kf8 20. Nc6 Qd6 21.
Bxf6 Bxf6 22. Rfd1 Qc7 23. Qxc5+ Kg7 24. b4 Ra3 25. Rd3 Rha8 26. Qc4 R8a6 27.
b5 R6a4 28. Qc5 Rxa2 29. Rxa2 Rxa2 30. Qd6 Qb6+ 31. Kh2 Qxb5 32. f4 Bh4 33.
Qd4+ Kg8 34. Ne7+ Kf8 35. Qh8+ 1-0

[Event "National interclub championship"]
[Site "Ans"]
[Date "1997.11.16"]
[Round "4"]
[White "Bauer, Christian"]
[Black "Claesen, Jeroen"]
[Result "1-0"]
[WhiteElo "2525"]
[BlackElo "2290"]
[Board "1"]
[WhiteTeam "La Tour d'Ans-Loncin"]
[BlackTeam "LV Leuven"]
[WhiteTitle "IM"]
[BlackTitle "FM"]
[PlyCount "79"]
[EventDate "1997.10.05"]
[Source "BelgaBase"]

1. e4 d6 2. d4 Nf6 3. Nc3 g6 4. g3 Bg7 5. Bg2 O-O 6. Nge2 e5 7. h3 Nc6 8. Be3
exd4 9. Nxd4 Bd7 10. O-O Re8 11. Re1 Qc8 12. Kh2 Re5 13. Nxc6 bxc6 14. g4 c5
15. f4 Re8 16. e5 dxe5 17. g5 Nh5 18. Bxa8 c6 19. Ne4 Qc7 20. Qd6 Qxd6 21. Nxd6
Rxa8 22. Rad1 Be6 23. Nb7 Nxf4 24. Nxc5 Bf5 25. Rd2 Nxh3 26. Red1 Nf4 27. Rd8+
Rxd8 28. Rxd8+ Bf8 29. Nd7 Bxd7 30. Rxd7 Ne6 31. Rxa7 Kg7 32. a4 e4 33. a5 Bd6+
34. Kg2 Nf4+ 35. Bxf4 Bxf4 36. Kf2 e3+ 37. Kf3 Bxg5 38. a6 h5 39. Rd7 h4 40. a7
1-0

[Event "National interclub championship"]
[Site "Ans"]
[Date "1997.11.16"]
[Round "4"]
[White "Vanderwaeren, Serge"]
[Black "Hauchard, Arnaud"]
[Result "1-0"]
[WhiteElo "2290"]
[BlackElo "2485"]
[Board "2"]
[WhiteTeam "LV Leuven"]
[BlackTeam "La Tour d'Ans-Loncin"]
[WhiteTitle "FM"]
[BlackTitle "IM"]
[PlyCount "75"]
[EventDate "1997.10.05"]
[Source "BelgaBase"]

1. Nf3 g6 2. e4 Bg7 3. Bc4 c6 4. Nc3 d5 5. exd5 b5 6. Bb3 b4 7. Ne2 cxd5 8. a3
bxa3 9. Rxa3 Nc6 10. Nf4 e6 11. d4 Nge7 12. c3 O-O 13. h4 Na5 14. Bc2 Nc4 15.
Ra2 f6 16. h5 g5 17. Qd3 Nf5 18. h6 Bh8 19. g4 gxf4 20. gxf5 e5 21. Rg1+ Kf7
22. dxe5 fxe5 23. Ng5+ Ke7 24. f6+ Bxf6 25. Qxh7+ Kd6 26. Nf7+ Rxf7 27. Qxf7
Be6 28. Ra6+ Nb6 29. Qb7 Qc8 30. Qxc8 Bxc8 31. Ra1 Be6 32. b3 a5 33. Ba3+ Kc6
34. Rg6 Nd7 35. Be7 Bxe7 36. Rxe6+ Bd6 37. h7 e4 38. Rxa5 1-0

[Event "National interclub championship"]
[Site "Ans"]
[Date "1997.11.16"]
[Round "4"]
[White "Cekro, Ekrem"]
[Black "Van Mechelen, Jan"]
[Result "1-0"]
[WhiteElo "2385"]
[BlackElo "2240"]
[Board "3"]
[WhiteTeam "La Tour d'Ans-Loncin"]
[BlackTeam "LV Leuven"]
[WhiteTitle "IM"]
[BlackTitle "FM"]
[PlyCount "55"]
[EventDate "1997.10.05"]
[Source "BelgaBase"]

1. c4 e5 2. g3 Nf6 3. Bg2 c6 4. d4 exd4 5. Qxd4 Na6 6. Nf3 Bc5 7. Qe5+ Be7 8.
O-O O-O 9. Nc3 Re8 10. Qd4 Bc5 11. Qd1 d6 12. b3 Bf5 13. Bb2 Qe7 14. Nd4 Bg6
15. e4 Nb4 16. Nf5 Bxf5 17. exf5 Qe5 18. a3 Bd4 19. Qd2 Na6 20. Rae1 Bxc3 21.
Bxc3 Qxf5 22. Qxd6 Red8 23. Qe7 Rd7 24. Qe2 Nc5 25. Bxf6 gxf6 26. b4 Nb3 27.
Be4 Qe5 28. Qg4+ 1-0

[Event "National interclub championship"]
[Site "Ans"]
[Date "1997.11.16"]
[Round "4"]
[White "Craps, Ben"]
[Black "Eliet, Nicolas"]
[Result "1-0"]
[WhiteElo "2185"]
[BlackElo "2350"]
[Board "4"]
[WhiteTeam "LV Leuven"]
[BlackTeam "La Tour d'Ans-Loncin"]
[BlackTitle "FM"]
[PlyCount "153"]
[EventDate "1997.10.05"]
[Source "BelgaBase"]

1. d4 d5 2. Nf3 Nf6 3. Bf4 c6 4. e3 Qb6 5. Qc1 Bf5 6. Nh4 Be6 7. Bd3 Na6 8. c3
g6 9. Be5 Bh6 10. f4 Rg8 11. Bxf6 exf6 12. O-O f5 13. h3 Bf8 14. a4 Nb8 15. a5
Qd8 16. Nf3 f6 17. b4 Nd7 18. Nbd2 Kf7 19. Nb3 b6 20. axb6 axb6 21. Rf2 Bd6 22.
Rfa2 Rxa2 23. Rxa2 Qe7 24. Kf2 Re8 25. Ra7 Kg8 26. Nfd2 Bb8 27. Ra6 Qd6 28. Nf1
Bf7 29. Kg1 Bc7 30. Nbd2 Nf8 31. Nf3 Be6 32. Qa1 Bc8 33. Ra8 Bb8 34. Ba6 Bd7
35. Bd3 Ne6 36. g3 Nc7 37. Ra2 Qe6 38. Qc1 Rc8 39. Qb2 Ne8 40. Ra6 Bc7 41. Ra7
Nd6 42. Ba6 Nc4 43. Qe2 Bb8 44. Bxc8 Bxa7 45. Bxd7 Qxd7 46. N3d2 Nd6 47. Qa6
Kg7 48. Kg2 Qc7 49. Kf3 Bb8 50. Kg2 Qd8 51. Qa8 Qe8 52. Kg1 Kh6 53. Kf2 g5 54.
Kg1 Kg6 55. Kf2 h6 56. Kg1 Qc8 57. Kf2 h5 58. h4 Qe8 59. Nh2 Nb5 60. Nb1 Qc8
61. hxg5 fxg5 62. Nf3 gxf4 63. Ne5+ Kg7 64. exf4 Na7 65. b5 cxb5 66. Qxd5 Bxe5
67. fxe5 Qc6 68. Qxc6 Nxc6 69. Ke3 Kf7 70. Nd2 Ke6 71. Nf3 Ne7 72. Ng5+ Kd5 73.
Kd3 Ng6 74. Nh3 h4 75. gxh4 Nxh4 76. Nf4+ Kc6 77. Ke3 1-0

[Event "National interclub championship"]
[Site "Ans"]
[Date "1997.11.16"]
[Round "4"]
[White "Maes, Wim"]
[Black "Praet, Maarten"]
[Result "1/2-1/2"]
[WhiteElo "2235"]
[BlackElo "2200"]
[Board "5"]
[WhiteTeam "La Tour d'Ans-Loncin"]
[BlackTeam "LV Leuven"]
[PlyCount "55"]
[EventDate "1997.10.05"]
[Source "BelgaBase"]

1. Nf3 c5 2. g3 b6 3. Bg2 Bb7 4. O-O Nf6 5. d3 g6 6. e4 d6 7. Nh4 Nc6 8. f4 Bg7
9. c3 O-O 10. Qe2 d5 11. e5 Ne8 12. Nd2 Nc7 13. Ndf3 f6 14. Bd2 d4 15. c4 Qd7
16. Rae1 f5 17. h3 Nd8 18. Ng5 Bxg2 19. Kxg2 Nde6 20. Nxe6 Nxe6 21. g4 Rad8 22.
Kh2 Kh8 23. b3 Bh6 24. gxf5 gxf5 25. Rg1 Qe8 26. Qf3 Ng7 27. Ref1 Qh5 28. Qxh5
1/2-1/2

[Event "National interclub championship"]
[Site "Ans"]
[Date "1997.11.16"]
[Round "4"]
[White "Gulbas, Cemil"]
[Black "Van Hul, Chris"]
[Result "1-0"]
[WhiteElo "2190"]
[BlackElo "2245"]
[Board "7"]
[WhiteTeam "La Tour d'Ans-Loncin"]
[BlackTeam "LV Leuven"]
[PlyCount "55"]
[EventDate "1997.10.05"]
[Source "BelgaBase"]

1. e4 e5 2. Nf3 Nc6 3. Bb5 f5 4. d3 fxe4 5. dxe4 Nf6 6. O-O Bc5 7. Bg5 d6 8.
Nc3 O-O 9. Nd5 Kh8 10. Nh4 Ne7 11. Bxf6 gxf6 12. Qh5 Kg7 13. Rad1 Nxd5 14. Rxd5
f5 15. exf5 Qf6 16. g4 Qh6 17. Qxh6+ Kxh6 18. Be2 Bd7 19. Rd3 Bb5 20. Ng2 Bxd3
21. Bxd3 d5 22. h4 Kg7 23. g5 e4 24. f6+ Kg6 25. Be2 h6 26. Bg4 Kf7 27. Nf4 Rh8
28. Bh5+ 1-0

[Event "National interclub championship"]
[Site "Antwerp"]
[Date "1997.11.16"]
[Round "4"]
[White "Cools, Gorik"]
[Black "Spiridonov, Nikola Iovinsky"]
[Result "1/2-1/2"]
[WhiteElo "2300"]
[BlackElo "2400"]
[Board "1"]
[WhiteTeam "SK Moretus Hoboken"]
[BlackTeam "L'Échiquier du Grand-Mons"]
[BlackTitle "GM"]
[PlyCount "81"]
[EventDate "1997.10.05"]
[Source "BelgaBase"]

1. e4 c6 2. d4 d5 3. e5 Bf5 4. Nc3 Qb6 5. Be2 e6 6. Nf3 c5 7. O-O Nc6 8. Na4
Qa5 9. Nxc5 Bxc5 10. dxc5 Qxc5 11. c3 Nge7 12. Be3 Qa5 13. b4 Qc7 14. Bc5 O-O
15. Bd6 Qd7 16. Nd4 Nxd4 17. cxd4 Rfc8 18. b5 Bc2 19. Qd2 Bg6 20. Rfc1 Nf5 21.
Bb4 h5 22. a4 Rxc1+ 23. Rxc1 Rc8 24. Rxc8+ Qxc8 25. g3 b6 26. a5 bxa5 27. Bxa5
f6 28. exf6 gxf6 29. Bb4 Qc7 30. Bc5 e5 31. Qa2 Nxd4 32. Qxd5+ Bf7 33. Qa8+ Kg7
34. Qf8+ Kg6 35. Bd3+ f5 36. Qd6+ Qxd6 37. Bxd6 e4 38. Bf1 Be8 39. Bc5 Nxb5 40.
Bxb5 Bxb5 41. Bxa7 1/2-1/2

[Event "National interclub championship"]
[Site "Antwerp"]
[Date "1997.11.16"]
[Round "4"]
[White "Laurent, Bruno"]
[Black "Plomp, Erwin"]
[Result "1/2-1/2"]
[WhiteElo "2225"]
[BlackElo "2200"]
[Board "2"]
[WhiteTeam "L'Échiquier du Grand-Mons"]
[BlackTeam "SK Moretus Hoboken"]
[PlyCount "77"]
[EventDate "1997.10.05"]
[Source "BelgaBase"]

1. e4 c5 2. Nf3 Nc6 3. c3 Nf6 4. e5 Nd5 5. d4 cxd4 6. Bc4 e6 7. cxd4 d6 8. O-O
Be7 9. Re1 O-O 10. Nc3 dxe5 11. Nxe5 Nxe5 12. Bxd5 exd5 13. dxe5 d4 14. Nb5 Qb6
15. Qd3 Bb4 16. Rd1 Bg4 17. f3 Bh5 18. a3 Bg6 19. Qc4 d3+ 20. Kh1 Bc5 21. b4
Rac8 22. Nxa7 Qxa7 23. bxc5 Qxc5 24. Qxc5 Rxc5 25. Bf4 f6 26. Rac1 Rxc1 27.
Rxc1 fxe5 28. Bxe5 Re8 29. Bc3 Re2 30. Kg1 Bf7 31. Rd1 Bc4 32. Rd2 Re6 33. Kf2
b5 34. Bb4 Kf7 35. Bc3 g6 36. Bb4 Re8 37. Bc3 Ke6 38. Ke3 Kf5+ 39. Kf2 1/2-1/2

[Event "National interclub championship"]
[Site "Antwerp"]
[Date "1997.11.16"]
[Round "4"]
[White "Soetewey, Steven"]
[Black "Wantiez, Fabrice"]
[Result "1-0"]
[WhiteElo "2180"]
[BlackElo "2105"]
[Board "3"]
[WhiteTeam "SK Moretus Hoboken"]
[BlackTeam "L'Échiquier du Grand-Mons"]
[PlyCount "61"]
[EventDate "1997.10.05"]
[Source "BelgaBase"]

1. d4 Nf6 2. Nc3 d5 3. e4 dxe4 4. f3 exf3 5. Nxf3 g6 6. Bc4 Bg7 7. O-O O-O 8.
Qe1 c5 9. dxc5 Qa5 10. Be3 Nc6 11. Qh4 Bf5 12. h3 Qb4 13. a3 Qxb2 14. Na4 Qxc2
15. Nd2 Ne4 16. Ra2 Bf6 17. Rxc2 Bxh4 18. g4 Nxd2 19. Rxd2 Be6 20. Bxe6 fxe6
21. Rb1 Rf3 22. Re2 Raf8 23. Bh6 Rd8 24. Rf1 Rxa3 25. Rd2 Rg3+ 26. Kh1 Rxh3+
27. Kg2 Rg3+ 28. Kh1 Rh3+ 29. Kg2 Rxd2+ 30. Kxh3 Bf6 31. Bxd2 1-0

[Event "National interclub championship"]
[Site "Antwerp"]
[Date "1997.11.16"]
[Round "4"]
[White "Van der Stricht, Geert"]
[Black "Knoppert, Erik"]
[Result "1-0"]
[WhiteElo "2270"]
[BlackElo "2385"]
[Board "2"]
[WhiteTeam "K Ghent S Ruy Lopez"]
[BlackTeam "K Antwerp SK"]
[BlackTitle "FM"]
[PlyCount "75"]
[EventDate "1997.10.05"]
[Source "BelgaBase"]

1. d4 Nf6 2. c4 c5 3. d5 b5 4. Bg5 d6 5. Nd2 Nbd7 6. e4 g6 7. cxb5 Bg7 8. Ne2
a6 9. Nc3 O-O 10. a4 Ne8 11. Be2 Nc7 12. O-O Re8 13. Nc4 axb5 14. Nxd6 b4 15.
Nxe8 Nxe8 16. Nb5 Bxb2 17. Ra2 Bf6 18. Bxf6 Nexf6 19. d6 Ba6 20. f3 Nb6 21. a5
Bxb5 22. Bxb5 exd6 23. Rff2 Nbd7 24. Qxd6 Qb8 25. Qxb8+ Rxb8 26. Bxd7 Nxd7 27.
Rad2 Nf8 28. Rd6 Ne6 29. Rc6 Rb5 30. Ra2 b3 31. Rb2 Kg7 32. Rb6 Rxa5 33. R6xb3
Nd4 34. Rc3 f5 35. e5 Kf7 36. Kf2 Ke6 37. f4 Kd5 38. Ke3 1-0

[Event "National interclub championship"]
[Site "Antwerp"]
[Date "1997.11.16"]
[Round "4"]
[White "Dutreeuw, Marc"]
[Black "Goormachtigh, Johan"]
[Result "1-0"]
[WhiteElo "2400"]
[BlackElo "2305"]
[Board "3"]
[WhiteTeam "K Antwerp SK"]
[BlackTeam "K Ghent S Ruy Lopez"]
[WhiteTitle "IM"]
[BlackTitle "FM"]
[PlyCount "59"]
[EventDate "1997.10.05"]
[Source "BelgaBase"]

1. e4 e6 2. d4 d5 3. Nc3 Nf6 4. e5 Nfd7 5. f4 c5 6. Nf3 Nc6 7. Be3 a6 8. Qd2 b5
9. dxc5 Bxc5 10. Bxc5 Nxc5 11. Nd4 Bb7 12. Nxc6 Bxc6 13. Ne2 Ne4 14. Qd4 O-O
15. O-O-O Qa5 16. Kb1 b4 17. Nc1 Bb5 18. Nb3 Qc7 19. Bd3 Rfc8 20. Bxe4 dxe4 21.
Qxe4 a5 22. Nd4 Bc4 23. f5 a4 24. f6 Bxa2+ 25. Kxa2 b3+ 26. Kb1 a3 27. bxa3
bxc2+ 28. Nxc2 Qc3 29. Rd4 Rxa3 30. Rb4 1-0

[Event "National interclub championship"]
[Site "Antwerp"]
[Date "1997.11.16"]
[Round "4"]
[White "Meulders, Richard"]
[Black "Schalkx, Johnny"]
[Result "1/2-1/2"]
[WhiteElo "2295"]
[BlackElo "2290"]
[Board "5"]
[WhiteTeam "K Antwerp SK"]
[BlackTeam "K Ghent S Ruy Lopez"]
[WhiteTitle "FM"]
[PlyCount "49"]
[EventDate "1997.10.05"]
[Source "BelgaBase"]

1. Nf3 g6 2. e4 Bg7 3. d4 d6 4. h3 Nd7 5. Nc3 e5 6. Bg5 Ngf6 7. dxe5 dxe5 8.
Qd2 c6 9. O-O-O Qe7 10. Qd6 Qxd6 11. Rxd6 h6 12. Be3 Bf8 13. Rd1 b5 14. Nd2 Bc5
15. Bxc5 Nxc5 16. b4 Ne6 17. Nb3 Ke7 18. g3 Bd7 19. Bg2 Rhc8 20. Kb2 Ne8 21.
Rd2 Nd6 22. Na5 Nc4+ 23. Nxc4 bxc4 24. Rhd1 Be8 25. Bf1 1/2-1/2

[Event "National interclub championship"]
[Site "Antwerp"]
[Date "1997.11.16"]
[Round "4"]
[White "Gommers, Ralf"]
[Black "Docx, Stefan"]
[Result "1-0"]
[WhiteElo "2325"]
[BlackElo "2265"]
[Board "6"]
[WhiteTeam "K Ghent S Ruy Lopez"]
[BlackTeam "K Antwerp SK"]
[BlackTitle "FM"]
[PlyCount "103"]
[EventDate "1997.10.05"]
[Source "BelgaBase"]

1. e4 c5 2. Nf3 d6 3. d4 cxd4 4. Nxd4 Nf6 5. Nc3 a6 6. Bg5 e6 7. Qf3 Nbd7 8.
O-O-O Qc7 9. Qg3 b6 10. Bd3 Bb7 11. Rhe1 O-O-O 12. Nb3 Kb8 13. Be3 Ne5 14. f3
Nfd7 15. Bf1 Rg8 16. f4 Nc4 17. Bxc4 Qxc4 18. Qf2 Qc7 19. Na4 b5 20. Ba7+ Ka8
21. Nb6+ Nxb6 22. Bxb6 Qc8 23. Bxd8 Qxd8 24. Kb1 Be7 25. g3 Qc7 26. Qd4 d5 27.
exd5 Bxd5 28. Qd3 g6 29. Qe3 Rd8 30. Rd3 Bf6 31. Qc5 Kb7 32. Qxc7+ Kxc7 33. Nc5
Be7 34. Ne4 Bb4 35. Nc3 Kb7 36. a3 Bxc3 37. Rxc3 h5 38. b3 Kb6 39. Kb2 Rh8 40.
a4 h4 41. Ra1 hxg3 42. a5+ Kb7 43. hxg3 Rh2 44. Rd1 Re2 45. Rd4 Rg2 46. Ka3 Rh2
47. Kb4 Rh3 48. Rcd3 Rh1 49. c4 bxc4 50. bxc4 Bc6 51. Rd8 Ra1 52. Ra3 1-0

[Event "National interclub championship"]
[Site "Eupen"]
[Date "1997.11.16"]
[Round "4"]
[White "Lazarev, Vladimir"]
[Black "Groffen, Hans"]
[Result "1/2-1/2"]
[WhiteElo "2500"]
[BlackElo "2225"]
[Board "1"]
[WhiteTeam "SK Eupen '47"]
[BlackTeam "Jean Jaurès Ghent"]
[WhiteTitle "IM"]
[PlyCount "49"]
[EventDate "1997.10.05"]
[Source "BelgaBase"]

1. d4 e6 2. c4 b6 3. Nc3 Bb7 4. a3 f5 5. d5 Nf6 6. g3 Na6 7. Bg2 Nc5 8. Nf3
Nce4 9. Qd3 Bc5 10. O-O O-O 11. b4 Be7 12. Bb2 a5 13. Nd4 axb4 14. axb4 Rxa1
15. Bxa1 Bxb4 16. Nxe4 fxe4 17. Bxe4 Nxe4 18. Qxe4 Qg5 19. Qb1 Bc5 20. dxe6
Bxd4 21. Bxd4 dxe6 22. Qb2 Ba6 23. Qc3 c5 24. Be5 Qg4 25. Bd6 1/2-1/2

[Event "National interclub championship"]
[Site "Eupen"]
[Date "1997.11.16"]
[Round "4"]
[White "Thirion, Marcel"]
[Black "de Wolf, Johan"]
[Result "1/2-1/2"]
[WhiteElo "2200"]
[BlackElo "2180"]
[Board "3"]
[WhiteTeam "SK Eupen '47"]
[BlackTeam "Jean Jaurès Ghent"]
[PlyCount "56"]
[EventDate "1997.10.05"]
[Source "BelgaBase"]

1. e4 d5 2. exd5 Nf6 3. d4 Nxd5 4. Nf3 Bg4 5. Be2 Nc6 6. c4 Nb6 7. d5 Bxf3 8.
gxf3 Ne5 9. f4 Ng6 10. Be3 e6 11. Nc3 Bb4 12. Qb3 Qe7 13. O-O-O O-O-O 14. Nb5
exd5 15. Nxa7+ Kb8 16. Bxb6 cxb6 17. Nb5 Qxe2 18. Qxb4 Qxc4+ 19. Qxc4 dxc4 20.
Nd6 Nxf4 21. Nxf7 Rxd1+ 22. Rxd1 Re8 23. Rd7 Nd3+ 24. Kc2 Re2+ 25. Kc3 Nc5 26.
Rd8+ Kc7 27. Rg8 Ne6 28. Ng5 Nxg5 1/2-1/2

[Event "National interclub championship"]
[Site "Eupen"]
[Date "1997.11.16"]
[Round "4"]
[White "Riemens, Albert"]
[Black "Defize, Alain"]
[Result "1/2-1/2"]
[WhiteElo "2185"]
[BlackElo "2250"]
[Board "4"]
[WhiteTeam "Jean Jaurès Ghent"]
[BlackTeam "SK Eupen '47"]
[BlackTitle "FM"]
[PlyCount "40"]
[EventDate "1997.10.05"]
[Source "BelgaBase"]

1. e4 c5 2. c3 d5 3. exd5 Qxd5 4. d4 Nf6 5. Nf3 cxd4 6. cxd4 e6 7. Nc3 Qd8 8.
Bd3 Be7 9. O-O O-O 10. Bg5 Nc6 11. a3 b6 12. Qd2 Bb7 13. Rad1 Rc8 14. Rfe1 Na5
15. Qe2 Nd5 16. Qe4 g6 17. Qh4 Re8 18. Bxe7 Qxe7 19. Ng5 f6 20. Nge4 Kg7
1/2-1/2